LEADER 00978nam--2200325---450- 001 990002998890203316 005 20071024121550.0 010 $a978-0-19-814089-4 035 $a000299889 035 $aUSA01000299889 035 $a(ALEPH)000299889USA01 035 $a000299889 100 $a20071024d2006----km-y0itay50------ba 101 $aita 102 $aIT 105 $a||||||||001yy 200 1 $a<> religion of the Mithras cult in the roman empire$emysteries of unconquered sun$fRoger Beck 210 $aOxford$cOxford university press$dcopyr. 2006 215 $a285 p.$d24 cm 606 0 $aMitra $xCulto 676 $a299.15 700 1$aBECK,$bRoger$0167146 801 0$aIT$bsalbc$gISBD 912 $a990002998890203316 951 $aII. 2. 4730$b202245 L.M.$cII.2.$d00064418 959 $aBK 969 $aUMA 979 $aCHIARA$b90$c20071024$lUSA01$h1215 996 $aReligion of the Mithras cult in the Roman Empire$985758 997 $aUNISA LEADER 01687nam0 22003493i 450 001 VAN00128809 005 20240806100826.987 010 $a978-88-916299-3-7 100 $a20200511d2019 |0itac50 ba 101 $aita 102 $aIT 105 $a|||| ||||| 200 1 $aCodice dei contratti pubblici$eil D.Lgs. 18 aprile 2016, n. 50 e s.m.i. con la disciplina attuativa, complementare e transitoria$e[aggiornato a: L.55/2019 (conv. Decreto Sblocca-cantieri), L. 56/2019 (Concretezza), L. 58/2019 (conv. Decreto Crescita)$fSamuel Bardelloni, Dario Caportorto 205 $aSantarcangelo di Romagna : Maggioli$b2019 210 $a1510 p.$a21 cm 215 $aContiene oltre 160 codici QR per l'immediata visualizzazione delle disposizioni correlate. 606 $aContratti pubblici$xLegislazione$xItalia$3VANC033541$2SG 620 $dSantarcangelo di Romagna$3VANL000123 702 1$aBardelloni$bSamuel$3VANV100750 702 1$aCapotorto$bDario$3VANV100751 710 02$aItalia$3VANV001942$0423419 712 $aMaggioli $3VANV108045$4650 791 02$aRepubblica italiana$zItalia$3VANV057868 791 02$aRegno d'Italia <1861-1946>$zItalia$3VANV057870 791 02$aItalia $zItalia$3VANV057871 791 02$aItalia $zItalia$3VANV057873 801 $aIT$bSOL$c20240906$gRICA 899 $aBIBLIOTECA DEL DIPARTIMENTO DI GIURISPRUDENZA$1IT-CE0105$2VAN00 912 $aVAN00128809 950 $aBIBLIOTECA DEL DIPARTIMENTO DI GIURISPRUDENZA$d00CONS XV.B.105 $e00UBG5344 20200716 996 $aCodice dei contratti pubblici$91024582 997 $aUNICAMPANIA